Statistics for Factors of 120

Click here to take the quiz!

General Stats

  • This quiz has been taken 55 times
  • The average score is 15 of 16

Answer Stats

Answer% Correct
1
100%
10
100%
12
100%
2
100%
3
100%
4
100%
5
100%
6
100%
8
100%
15
97%
20
97%
120
92%
60
92%
30
90%
40
90%
24
85%

Score Distribution

Percentile by Number Answered

Percent of People with Each Score

Your Score History

You have not taken this quiz